| 000 | 00584nam a2200205Ia 4500 | ||
|---|---|---|---|
| 005 | 20250326145608.0 | ||
| 008 | 250326s9999 xx 000 0 und d | ||
| 037 | _aTextbook | ||
| 040 |
_aFMSL _beng _cFMSL |
||
| 041 |
_aeng _2eng |
||
| 084 |
_aX:8 Q3 _qFMSL |
||
| 100 |
_aVissak T _9751451 |
||
| 245 | 0 |
_a(Dis)honesty in management: manifestations and consequences _cVissak T; Vadi M |
|
| 260 |
_aUnited Kingdom _bUnited Kingdom, Emerald _c2013 |
||
| 300 | _a370p | ||
| 365 | _b11017.68 | ||
| 650 | _aManagement | ||
| 942 |
_cTB _hX:8 Q3 |
||
| 999 |
_c1308120 _d1308120 |
||